Эталон тельбесского габбро-гранитоидного комплекса (Горная Шория) (Запись № 1767186)

Подробности
000 -МАРКЕР
контрольное поле 03001nam0a2200445 4500
001 - ИДЕНТИФИКАТОР ЗАПИСИ
контрольное поле RU\NLR\bibl\608274
005 - ИДЕНТИФИКАТОР ВЕРСИИ
контрольное поле 20250610143606.0
021 ## - НОМЕР ГОСУДАРСТВЕННОЙ РЕГИСТРАЦИИ
Код страны Российская Федерация
Номер 2004-40892
Номер Листа государственной регистраци 2030
035 ## - ДРУГИЕ СИСТЕМНЫЕ НОМЕРА
Идентификатор записи RSL-KNO-002451443
035 ## - ДРУГИЕ СИСТЕМНЫЕ НОМЕРА
Идентификатор записи (NLR Aleph) 000600187
100 ## - ДАННЫЕ ОБЩЕЙ ОБРАБОТКИ
Данные общей обработки 20040713d1997 |||y0rusy50 ca
101 0# - ЯЗЫК РЕСУРСА
Язык текста, звукозаписи и т.д. русский
102 ## - СТРАНА ПУБЛИКАЦИИ ИЛИ ПРОИЗВОДСТВА
Страна публикации Российская Федерация
105 ## - ПОЛЕ КОДИРОВАННЫХ ДАННЫХ: ТЕКСТОВЫЕ МАТЕРИАЛЫ, МОНОГРАФИЧЕСКИЕ
Кодированные данные о монографическом текстовом документе a |||||||||
106 ## - ПОЛЕ КОДИРОВАННЫХ ДАННЫХ: ТЕКСТОВЫЕ РЕСУРСЫ – ФОРМА
Форма ресурса: кодированные данные: обозначение носителя r
200 1# - ЗАГЛАВИЕ И СВЕДЕНИЯ ОБ ОТВЕТСТВЕННОСТИ
Основное заглавие Эталон тельбесского габбро-гранитоидного комплекса (Горная Шория)
Первые сведения об ответственности В.Л. Хомичев, Е.В. Кужельная, Е.С. Хомичева
Последующие сведения об ответственности науч. ред. д.г.-м.н. А.Ф. Белоусов
-- М-во природ. ресурсов Рос. Федерации, Сиб. науч.-исслед. ин-т геологии, геофизики и минер. сырья (СНИИГГиМС)
210 ## - ПУБЛИКАЦИЯ, РАСПРОСТРАНЕНИЕ И ДР.
Место издания, распространения и т.д. Новосибирск
Имя издателя, распространителя и т. д. СНИИГГиМС
Дата издания, распространения и т.д. 1997
Место изготовления Ротапринт СНИИГГиМСа
215 ## - ФИЗИЧЕСКАЯ ХАРАКТЕРИСТИКА
Специфическое обозначение материала и объем [1],229 с., [1] л. табл.
Другие сведения о физической характеристике ил.
Размеры 21
Сопроводительный материал [1] отд. л. прил.
225 1# - СЕРИЯ
Основное заглавие серии Эталоны магматических комплексов Сибири
300 ## - ОБЩИЕ ПРИМЕЧАНИЯ
Текст примечания На 2-й с. 3-й авт.: Е.С. Хомичева к.г.-м.н.
300 ## - ОБЩИЕ ПРИМЕЧАНИЯ
Текст примечания Прил.: Геологическая карта Тельбесского района: масштаб 1:200000: по материалам ГП "Запсибгеология" с доп. авторов
320 ## - ПРИМЕЧАНИЯ О НАЛИЧИИ В ДОКУМЕНТЕ БИБЛИОГРАФИИ / УКАЗАТЕЛЯ
Текст примечания Библиогр.: с. 219-229 (154 назв.)
464 #0 - АНАЛИТИЧЕСКИЙ УРОВЕНЬ
Встроенное поле 2001#$aГеологическая карта Тельбесского района$eмасштаб 1:200000$eпо материалам ГП "Запсибгеология" с доп. авторов
Заглавие Геологическая карта Тельбесского района
606 0# - НАИМЕНОВАНИЕ ТЕМЫ КАК ПРЕДМЕТ
Наименование темы Габбро-гранитоиды
Географический подзаголовок Горная Шория (Сибирь Западная)
Системный номер авторитетной/нормативной записи 2362854
Идентификатор авторитетной/нормативной записи RU\NLR\auth\661410850
610 0# - НЕКОНТРОЛИРУЕМЫЕ ПРЕДМЕТНЫЕ ТЕРМИНЫ
Предметный термин Науки о Земле (геодезические, геофизические, геологические и географические науки) -- Региональный раздел наук о Земле -- Российская Федерация -- Кемеровская область -- Геологическая характеристика -- Петрография магматических горных пород
686 ## - ИНДЕКСЫ ДРУГИХ КЛАССИФИКАЦИЙ
Индекс Д9(2Р53-4Ке)342,0
Код системы
686 ## - ИНДЕКСЫ ДРУГИХ КЛАССИФИКАЦИЙ
Индекс Д342.142.1-09(2Р53-4Ке)
686 ## - ИНДЕКСЫ ДРУГИХ КЛАССИФИКАЦИЙ
Индекс Д342.16-09(2Р53-4Ке)
700 #1 - ИМЯ ЛИЦА - ПЕРВИЧНАЯ ОТВЕТСТВЕННОСТЬ
Начальный элемент ввода Хомичев
Часть имени, кроме начального элемента ввода В. Л.
Расширение инициалов личного имени Валентин Леонидович
Код отношения Автор
701 #1 - ИМЯ ЛИЦА - АЛЬТЕРНАТИВНАЯ ОТВЕТСТВЕННОСТЬ
Начальный элемент ввода Кужельная
Часть имени, кроме начального элемента ввода Е. В.
Расширение инициалов личного имени Елена Владимировна
Код отношения Автор
701 #1 - ИМЯ ЛИЦА - АЛЬТЕРНАТИВНАЯ ОТВЕТСТВЕННОСТЬ
Начальный элемент ввода Хомичева
Часть имени, кроме начального элемента ввода Е. С.
Даты 1945-
Расширение инициалов личного имени Екатерина Самойловна
Код отношения Автор
801 #0 - ИСТОЧНИК ЗАПИСИ
Страна Российская Федерация
Организация RuMoRKP
Дата составления 20040713
Правила каталогизации rcr
801 #1 - ИСТОЧНИК ЗАПИСИ
Страна Российская Федерация
Организация RuMoRGB
Дата составления 20040713
801 #2 - ИСТОЧНИК ЗАПИСИ
Страна Российская Федерация
Организация NLR
Дата составления 20050210
Правила каталогизации PSBO
830 ## - ОБЩЕЕ ПРИМЕЧАНИЕ, СОСТАВЛЕННОЕ КАТАЛОГИЗАТОРОМ
Текст примечания Авт. по кн.
942 ## - ДОПОЛНИТЕЛЬНЫЕ ЭЛЕМЕНТЫ ЗАПИСИ (АБИС)
Тип экземпляра АБИС Книга
980 ## - КОЛЛЕКЦИЯ
Название коллекции Национальная библиография
Экземпляры
Тип экземпляра Дата поступления Источник поступления Библиотека постоянного хранения Библиотека текущего хранения Место хранения Шифр хранения Штрих-код Статус экземпляра
Книга 10.02.2005 Обязательный экземпляр РНБ (Московский) РНБ (Московский) Русский книжный фонд: издания с 1957 года 2005-3/2506 849200  
Книга 10.02.2005 Обязательный экземпляр РНБ (Московский) РНБ (Московский) Русский книжный фонд: издания с 1957 года 2005-3/2506 849201